Oral Anticoagulation Therapy (Запис № 446874)
[ простий вигляд ]
| 000 -LEADER | |
|---|---|
| fixed length control field | 04574nam a22005055i 4500 |
| 001 - CONTROL NUMBER | |
| control field | 978-3-319-54643-8 |
| 003 - CONTROL NUMBER IDENTIFIER | |
| control field | DE-He213 |
| 005 - DATE AND TIME OF LATEST TRANSACTION | |
| control field | 20210118125213.0 |
| 007 - PHYSICAL DESCRIPTION FIXED FIELD--GENERAL INFORMATION | |
| fixed length control field | cr nn 008mamaa |
| 008 - FIXED-LENGTH DATA ELEMENTS--GENERAL INFORMATION | |
| fixed length control field | 170531s2017 gw | s |||| 0|eng d |
| 020 ## - INTERNATIONAL STANDARD BOOK NUMBER | |
| International Standard Book Number | 9783319546438 |
| -- | 978-3-319-54643-8 |
| 024 7# - OTHER STANDARD IDENTIFIER | |
| Standard number or code | 10.1007/978-3-319-54643-8 |
| Source of number or code | doi |
| 050 #4 - LIBRARY OF CONGRESS CALL NUMBER | |
| Classification number | RC681-688.2 |
| 072 #7 - SUBJECT CATEGORY CODE | |
| Subject category code | MJD |
| Source | bicssc |
| 072 #7 - SUBJECT CATEGORY CODE | |
| Subject category code | MED010000 |
| Source | bisacsh |
| 072 #7 - SUBJECT CATEGORY CODE | |
| Subject category code | MJD |
| Source | thema |
| 082 04 - DEWEY DECIMAL CLASSIFICATION NUMBER | |
| Classification number | 616.12 |
| Edition number | 23 |
| 245 10 - TITLE STATEMENT | |
| Title | Oral Anticoagulation Therapy |
| Medium | [electronic resource] : |
| Remainder of title | Cases and Clinical Correlation / |
| Statement of responsibility, etc | edited by Kathryn Kiser. |
| 250 ## - EDITION STATEMENT | |
| Edition statement | 1st ed. 2017. |
| 264 #1 - | |
| -- | Cham : |
| -- | Springer International Publishing : |
| -- | Imprint: Springer, |
| -- | 2017. |
| 300 ## - PHYSICAL DESCRIPTION | |
| Extent | X, 313 p. 6 illus., 2 illus. in color. |
| Other physical details | online resource. |
| 336 ## - | |
| -- | text |
| -- | txt |
| -- | rdacontent |
| 337 ## - | |
| -- | computer |
| -- | c |
| -- | rdamedia |
| 338 ## - | |
| -- | online resource |
| -- | cr |
| -- | rdacarrier |
| 347 ## - | |
| -- | text file |
| -- | |
| -- | rda |
| 505 0# - FORMATTED CONTENTS NOTE | |
| Formatted contents note | Atrial Fibrillation: Basic simple introductory case -- Patient who desires best reduction in ischemic stroke possible -- Elderly patient (e.g. > 80 years old) -- Patient with prior history of GI hemorrhage -- Patient with history of intracranial hemorrhage while on warfarin -- Patient with history of adherence issues who uses pill box -- Patient with stable moderate chronic kidney disease -- Patient with variable renal function -- Patient with concomitant coronary artery disease -- Patient with concomitant history of venous thromboembolism -- Venous Thromboembolism (VTE): Patient with new DVT -- Patient with new PE -- Patient s/p hip replacement -- Patient in ICU in need of DVT prophylaxis -- Patient with VTE and concomitant atherosclerotic disease -- Patient with DVT in ICU with feeding tube -- Patient with moderate chronic kidney disease and VTE -- Patient with recurrent VTE -- Patient with PE who underwent thrombolytic therapy -- Patient s/p knee replacement -- Acute Coronary Syndrome: Patient on a new oral anticoagulant presenting with ACS -- Patient post PCI -- Patient with ACS with additional indication for oral anticoagulant -- Patient with ST segment elevation MI (lytic candidate) on new oral anticoagulant -- Patient with ACS who will be undergoing bypass surgery -- Drug Interactions: CYP 3A4 inhibitors -- PgP inhibitors -- Pharmacodynamic interactions -- Mixed CYP 3A4/PgP inhibitors -- Plausible (but unproven) drug interactions (e.g. cyclosporine) -- Special Populations: Atrial fibrillation ablation -- Mechanical valves -- Coagulopathies -- Pregnancy -- Malignancies -- Perioperative management-minor procedures -- Perioperative management-major procedures. |
| 520 ## - SUMMARY, ETC. | |
| Summary, etc | This case-based title reviews anticoagulation management strategies available for a wide variety of clinical scenarios. Designed to aid providers of direct patient care on complex clinical decisions regarding appropriate evidence-based therapy options, patient and agent related variables to consider, as well as expert opinion on the topic. Oral Anticoagulation Therapy: Cases and Clinical Correlation will provide clinicians and trainees with clear clinical cases, commentary, and resources to develop their knowledge base, problem-solving skills, and ability to practically apply new knowledge to a variety of clinical situations. Resources provided in cases include valuable figures, tables, and key points designed for the reader to be able to utilize at the point of care. |
| 506 ## - RESTRICTIONS ON ACCESS NOTE | |
| Terms governing access | Available to subscribing member institutions only. Доступно лише організаціям членам підписки. |
| 506 ## - RESTRICTIONS ON ACCESS NOTE | |
| Standardized terminology for access restriction | Online access from local network of NaUOA. |
| 506 ## - RESTRICTIONS ON ACCESS NOTE | |
| Standardized terminology for access restriction | Online access with authorization at https://link.springer.com/ |
| 506 ## - RESTRICTIONS ON ACCESS NOTE | |
| Standardized terminology for access restriction | Онлайн-доступ з локальної мережі НаУОА. |
| 506 ## - RESTRICTIONS ON ACCESS NOTE | |
| Standardized terminology for access restriction | Онлайн доступ з авторизацією на https://link.springer.com/ |
| 650 #0 - SUBJECT ADDED ENTRY--TOPICAL TERM | |
| Topical term or geographic name as entry element | Cardiology. |
| 650 14 - SUBJECT ADDED ENTRY--TOPICAL TERM | |
| Topical term or geographic name as entry element | Cardiology. |
| -- | http://scigraph.springernature.com/things/product-market-codes/H33037 |
| 700 1# - ADDED ENTRY--PERSONAL NAME | |
| Personal name | Kiser, Kathryn. |
| Relator term | editor. |
| Relator code | edt |
| -- | http://id.loc.gov/vocabulary/relators/edt |
| 710 2# - ADDED ENTRY--CORPORATE NAME | |
| Corporate name or jurisdiction name as entry element | SpringerLink (Online service) |
| 773 0# - HOST ITEM ENTRY | |
| Title | Springer eBooks |
| 776 08 - ADDITIONAL PHYSICAL FORM ENTRY | |
| Display text | Printed edition: |
| International Standard Book Number | 9783319546414 |
| 776 08 - ADDITIONAL PHYSICAL FORM ENTRY | |
| Display text | Printed edition: |
| International Standard Book Number | 9783319546421 |
| 856 40 - ELECTRONIC LOCATION AND ACCESS | |
| Uniform Resource Identifier | <a href="https://doi.org/10.1007/978-3-319-54643-8">https://doi.org/10.1007/978-3-319-54643-8</a> |
| 912 ## - | |
| -- | ZDB-2-SME |
| 942 ## - ADDED ENTRY ELEMENTS (KOHA) | |
| Koha item type | ЕКнига |
Немає доступних примірників.